000 00746nam a2200253Ia 4500
003 OSt
005 20221005111230.0
006 a|||||r|||| 00| 0
007 ta
008 221004b |||||||| |||| 00| 0 hin d
024 _a32532
037 _cTextual
040 _aCRL
_cCRL
_bhin
041 _2hin
_ahin
082 _aO152,3N52x, M9
100 _aउदय प्रकाश
245 0 _aतिरिछ
246 _aTirichha
260 _aनई दिल्ली
_bवाणी प्रकाशन भारत
_c1999
300 _a150पृ.
_ccm.
650 _aहिन्दी कहानी
942 _hO152,3N52x, M9
_cTEXL
_2cc
999 _c1021213
_d1021213